A Streetwise Guide to Litigation

Detalles Bibliográficos
Autor principal: Nolan, Kenneth P.
Formato: eBook
Lenguaje:inglés
Publicado: Chicago: American Bar Association, 2013
Materias:
Acceso en línea:Acceso restringido

MARC

LEADER 00000nam a22000007a 4500
005 20210223231659.0
007 cr|||| ||||
008 210223s2013 us |||||s|||| 00||0 eng d
020 |a 978-1-61438-755-8 
035 |a 23969 
040 |a vLex 
090 |c 11238  |d 11238 
100 1 |a Nolan, Kenneth P. 
245 1 1 |a A Streetwise Guide to Litigation  |h [Recurso electrn̤ico] /  |c Kenneth P. Nolan 
256 |a Servicio en ln̕ea 
260 |a Chicago:  |b American Bar Association,  |c 2013 
300 |a 1 recurso electrn̤ico 
506 1 |a Disponible solo en los productos indicados  |d vLex Global  |d vLex Global (Academic Edition, excluding Law Schools)  |d vLex Global (Academic Edition, Law Schools) 
650 0 4 |a Derecho Constitucional  |z Estados Unidos 
650 0 4 |a Abogados  |z Estados Unidos 
740 0 |a vLex Libros (Servicio en ln̕ea) 
856 4 0 |u http://vlex.com/source/streetwise-guide-litigation-23969  |z Acceso restringido 
942 |c BOOK 
999 0 |a Constitutional Law 
999 0 |a Lawyers